00485nam a22001457a 450000500170000001000150001702000270003203500140005903700130007308200140008624500980010026000330019827000860023130000220031720170605123737.0 aENG-118101 a9789385160592c1495.00 aEN-101633 bDBAD/PUB a327.51054 aSino - Indian diplomacy /bPragmatic approach by Sh. Narendra Modicedited by Harsharan Singh aNew DelhibLenin Mediac2015 a202, IInd Floor, 4832/24,Prahlad Street, Ansari Road, Daryaganj, New Delhi-110002 a288p.c22cm. (Hb)